عرض عادي عرض مارك
  • Dhir, Priya

مدخل إسم شخص

عدد التسجيلات المستخدمة في: 1

001 - رقم الضبط

  • حقل الضبط: 88581

003 - معرف رقم الضبط

  • حقل الضبط: OSt

005 - تاريخ ووقت أخر عملية

  • حقل الضبط: 20210305212814.0

008 - عناصر بيانات ثابتة الطول

  • حقل تحكم ثابت الطول: 210305|| aca||aabn | a|a d

040 ## - مصدر الفهرسة

  • هيئة الفهرسة الأصلية: OSt
  • وكالة الكتابة: OSt

100 ## - مدخل -- أسم شخص

  • إسم شخص: Dhir, Priya

670 ## - بيانات المصدر موجوده

  • الاستشهاد بالمصدر: Work cat.: (OSt): Dhir, Priya, Clinical handbook Essential MED Notes 2020 /, 2021